[Event "St Petersburg-ch Seniors (Women)"]
[Site "St Petersburg"]
[Date "2022.09.27"]
[Round "4"]
[White "Kozlovskaya, Valentina"]
[Black "Kuznetsova, Luba"]
[Result "0-1"]
[WhiteElo "2067"]
[BlackElo "1935"]
[PlyCount "74"]
[EventDate "2022.09.24"]
[EventType "swiss"]
[EventRounds "9"]
[EventCountry "RUS"]
[SourceTitle "CBM 210 Extra"]
[Source "ChessBase"]
[SourceDate "2022.11.30"]
[SourceVersion "1"]
[SourceVersionDate "2022.11.30"]
[SourceQuality "1"]

1. d4 Nf6 2. Nf3 d5 3. e3 c6 4. Bd3 Bg4 5. h3 Bh5 6. c3 e6 7. Qb3 Qb6 8. Qxb6 axb6 9. Nbd2 Nbd7 10. 0-0 Bd6 11. Nh2 Bg6 12. Be2 b5 13. f4 Ne4 14. Nxe4 Bxe4 15. Bd2 0-0 16. Rfc1 Nb6 17. Ng4 Na4 18. b3 Nb6 19. Re1 Ra7 20. Nf2 Bg6 21. c4 bxc4 22. bxc4 Nxc4 23. Bxc4 dxc4 24. e4 Rfa8 25. g4 f6 26. f5 Bf7 27. e5 fxe5 28. fxe6 Bxe6 29. Ne4 Bc7 30. Nc5 Bd5 31. dxe5 b6 32. Ne4 Bxe5 33. Bc3 Bxc3 34. Nxc3 b5 35. Re5 b4 36. Nxd5 cxd5 37. Rxd5 Rxa2 0-1

[Event "St Petersburg-ch Seniors (Women)"]
[Site "St Petersburg"]
[Date "2022.09.26"]
[Round "3"]
[White "Kuznetsova, Luba"]
[Black "Vasiukova, Ekaterina"]
[Result "1-0"]
[WhiteElo "1935"]
[BlackElo "1675"]
[PlyCount "69"]
[EventDate "2022.09.24"]
[EventType "swiss"]
[EventRounds "9"]
[EventCountry "RUS"]
[SourceTitle "CBM 210 Extra"]
[Source "ChessBase"]
[SourceDate "2022.11.30"]
[SourceVersion "1"]
[SourceVersionDate "2022.11.30"]
[SourceQuality "1"]

1. d4 d5 2. Nf3 c6 3. e3 Nf6 4. Bd3 Bg4 5. Nbd2 e6 6. 0-0 Bd6 7. c4 0-0 8. Qb3 Qc7 9. c5 Be7 10. Ne5 Bxc5 11. dxc5 Qxe5 12. h3 Bh5 13. Qxb7 Nbd7 14. Qxc6 Rfc8 15. Qd6 Rxc5 16. Qxe5 Nxe5 17. b4 Rc6 18. Bb1 Be2 19. Re1 Bd3 20. f4 Rxc1 21. Rxc1 Nc4 22. Bxd3 Nxd2 23. Rc7 Nde4 24. Bxe4 Nxe4 25. Rac1 Nd6 26. R1c6 Ne8 27. Rc8 Rxc8 28. Rxc8 Kf8 29. Ra8 Ke7 30. Rxa7+ Kf6 31. b5 Nd6 32. a4 Kf5 33. b6 Ke4 34. Kf2 Nc4 35. b7 1-0

[Event "Wch Seniors 65 (Women) 26th"]
[Site "Marianske Lazne"]
[Date "2016.11.24"]
[Round "5"]
[White "Gaprindashvili, Nona"]
[Black "Kuznetsova, Luba"]
[Result "1-0"]
[WhiteElo "2311"]
[BlackElo "2021"]
[PlyCount "79"]
[EventDate "2016.11.19"]
[EventType "swiss"]
[EventRounds "9"]
[EventCountry "CZE"]
[SourceTitle "CBM 175 Extra"]
[Source "ChessBase"]
[SourceDate "2016.12.12"]
[SourceVersion "1"]
[SourceVersionDate "2016.12.12"]
[SourceQuality "1"]

1. d4 d5 2. c4 c6 3. Nf3 e6 4. Qc2 f5 5. g3 Bd6 6. Bg2 Nf6 7. 0-0 0-0 8. Bf4 h6 9. Nbd2 Ne4 10. Bxd6 Qxd6 11. c5 Qd8 12. Ne5 Nxd2 13. Qxd2 Nd7 14. Nd3 Nf6 15. f3 Bd7 16. b4 a6 17. Rab1 Be8 18. a4 Rb8 19. Qe3 Bd7 20. Ne5 Qc8 21. Rb2 Be8 22. Rfb1 Ra8 23. Nd3 Bd7 24. Qe5 Qb8 25. Qe3 Qc8 26. Qe5 Qb8 27. Bf1 Qxe5 28. Nxe5 Rfd8 29. e3 Be8 30. b5 axb5 31. axb5 g5 32. Bd3 Kf8 33. bxc6 bxc6 34. g4 fxg4 35. fxg4 Ra3 36. Rf1 Kg7 37. Rb7+ Nd7 38. Nxc6 Rxd3 39. Nxd8 Rxe3 40. c6 1-0

[Event "Teplice op 10th"]
[Site "Teplice"]
[Date "2015.06.19"]
[Round "7"]
[White "Nosek, Jan"]
[Black "Kuznetsova, Luba"]
[Result "1/2-1/2"]
[WhiteElo "1740"]
[BlackElo "2056"]
[PlyCount "83"]
[EventDate "2015.06.13"]
[EventType "swiss"]
[EventRounds "9"]
[EventCountry "CZE"]
[SourceTitle "EXT 2017"]
[Source "ChessBase"]
[SourceDate "2016.10.25"]
[SourceVersion "1"]
[SourceVersionDate "2016.10.25"]
[SourceQuality "1"]

1. e4 c5 2. Nf3 e6 3. d4 cxd4 4. Nxd4 Nf6 5. Nc3 d6 6. Be2 Be7 7. 0-0 a6 8. a4 Qc7 9. Be3 0-0 10. f4 Nc6 11. Bf3 Bd7 12. Nb3 Rac8 13. a5 Qb8 14. Na4 Nb4 15. c3 Bxa4 16. Rxa4 Nc6 17. Rf2 Qc7 18. Rd2 Rfe8 19. c4 e5 20. f5 h6 21. Bb6 Qb8 22. Nc1 Nd7 23. Be3 Nc5 24. Ra3 Red8 25. Na2 b5 26. b4 Na4 27. cxb5 axb5 28. Be2 Nd4 29. Bxd4 exd4 30. Rxd4 Bf6 31. Rd5 Nb2 32. Qf1 Nc4 33. Bxc4 Rxc4 34. Qf3 Rdc8 35. Rd2 Qa7+ 36. Kh1 Be5 37. g3 Qa8 38. Re3 Qc6 39. Ree2 Kf8 40. Kg2 Qd7 41. Qd3 Rd4 42. Qe3 1/2-1/2

[Event "Teplice op 10th"]
[Site "Teplice"]
[Date "2015.06.18"]
[Round "6"]
[White "Kuznetsova, Luba"]
[Black "Konvalinka, Vladislav"]
[Result "1-0"]
[WhiteElo "2056"]
[BlackElo "1769"]
[PlyCount "107"]
[EventDate "2015.06.13"]
[EventType "swiss"]
[EventRounds "9"]
[EventCountry "CZE"]
[SourceTitle "EXT 2017"]
[Source "ChessBase"]
[SourceDate "2016.10.25"]
[SourceVersion "1"]
[SourceVersionDate "2016.10.25"]
[SourceQuality "1"]

1. d4 d5 2. Nf3 Nc6 3. h3 Nf6 4. Bf4 e6 5. e3 Bd6 6. Ne5 Ne7 7. Bd3 Ng6 8. Nxg6 hxg6 9. Bxd6 Qxd6 10. Nd2 e5 11. dxe5 Qxe5 12. c3 Qg5 13. Qf3 Nd7 14. Be2 c6 15. Qg4 Qxg4 16. Bxg4 Ne5 17. Bxc8 Rxc8 18. Ke2 f5 19. Nf3 Nxf3 20. Kxf3 g5 21. Rad1 Ke7 22. Rhe1 Rcd8 23. Rd2 Rd6 24. Red1 Rhd8 25. a4 c5 26. b4 c4 27. a5 Ke6 28. Kg3 Kf6 29. Rd4 g6 30. Rh1 Rh8 31. Rhd1 Rhd8 32. h4 g4 33. f3 gxf3 34. gxf3 R6d7 35. e4 fxe4 36. fxe4 Ke5 37. Rxd5+ Rxd5 38. Rxd5+ Rxd5 39. exd5 Kxd5 40. Kf4 Ke6 41. b5 b6 42. axb6 axb6 43. Ke4 Kd6 44. Kd4 Ke6 45. Kxc4 Ke5 46. Kd3 Kd5 47. Ke3 Ke5 48. Kf3 Kf5 49. Kg3 Ke5 50. Kg4 Kf6 51. Kf4 Ke6 52. Kg5 Kf7 53. c4 Kg7 54. c5 1-0

[Event "Teplice op 10th"]
[Site "Teplice"]
[Date "2015.06.14"]
[Round "2"]
[White "Kuznetsova, Luba"]
[Black "Krehla, Milan"]
[Result "0-1"]
[WhiteElo "2056"]
[BlackElo "1812"]
[PlyCount "92"]
[EventDate "2015.06.13"]
[EventType "swiss"]
[EventRounds "9"]
[EventCountry "CZE"]
[SourceTitle "EXT 2017"]
[Source "ChessBase"]
[SourceDate "2016.10.25"]
[SourceVersion "1"]
[SourceVersionDate "2016.10.25"]
[SourceQuality "1"]

1. d4 Nf6 2. c4 g6 3. Nc3 Bg7 4. Nf3 0-0 5. e4 d6 6. h3 Na6 7. Be3 e5 8. d5 Nh5 9. Qd2 f5 10. Bg5 Qe8 11. exf5 Nf4 12. fxg6 Nxg6 13. Be2 Nc5 14. 0-0 a5 15. Nh2 Nf4 16. Bg4 Qg6 17. Bxf4 Rxf4 18. b3 Bxg4 19. Nxg4 Raf8 20. Ne2 R4f7 21. Ng3 b6 22. Rad1 h5 23. Ne3 h4 24. Nh1 Bh6 25. Qe2 Rg7 26. Ng4 Kh8 27. f3 Bf4 28. Nhf2 Bg3 29. Ne4 Nxe4 30. fxe4 Rgf7 31. Rxf7 Rxf7 32. Rf1 Bf4 33. Rf3 Kg7 34. Ne3 Qxe4 35. Qf2 Kg8 36. Nf1 Rg7 37. Kh1 Qh7 38. a3 Qg6 39. b4 axb4 40. axb4 Qg5 41. Ra3 Rf7 42. Ra8+ Kg7 43. Qe2 Bg3 44. Kg1 Rf2 45. Qd3 Rb2 46. Re8 Bh2+ 0-1

[Event "Novokuznetsk Old Stager op"]
[Site "Novokuznetsk"]
[Date "2015.02.15"]
[Round "9"]
[White "Kuznetsova, Luba"]
[Black "Sorokina, Tamara"]
[Result "0-1"]
[WhiteElo "1995"]
[BlackElo "2076"]
[PlyCount "70"]
[EventDate "2015.01.10"]
[EventType "swiss"]
[EventRounds "9"]
[EventCountry "RUS"]
[SourceTitle "EXT 2018"]
[Source "ChessBase"]
[SourceDate "2017.10.13"]
[SourceVersion "1"]
[SourceVersionDate "2017.10.13"]
[SourceQuality "1"]

1. c4 Nf6 2. Nc3 e6 3. g3 d5 4. cxd5 exd5 5. Bg2 c6 6. d3 h6 7. Nf3 Be6 8. 0-0 Be7 9. e4 0-0 10. e5 Nh7 11. d4 Qd7 12. Be3 Bh3 13. Qd2 Bxg2 14. Kxg2 f6 15. exf6 Bxf6 16. Ne5 Bxe5 17. dxe5 Qe6 18. f4 Nd7 19. Rac1 b6 20. h3 g5 21. Qd4 Rae8 22. Rce1 a5 23. Bd2 Nc5 24. b3 Rf7 25. Rf3 Ref8 26. Ref1 g4 27. hxg4 Qxg4 28. Rh1 Ng5 29. Rff1 Nge6 30. Qf2 d4 31. Rh4 Qg6 32. Ne2 Ne4 33. Qe1 d3 34. Nc3 Nxc3 35. Bxc3 Nxf4+ 0-1

[Event "Novokuznetsk Kustov op"]
[Site "Novokuznetsk"]
[Date "2014.10.12"]
[Round "5"]
[White "Spirin, Alexandr"]
[Black "Kuznetsova, Luba"]
[Result "1-0"]
[WhiteElo "1958"]
[BlackElo "2014"]
[PlyCount "97"]
[EventDate "2014.09.28"]
[EventType "swiss"]
[EventRounds "9"]
[EventCountry "RUS"]
[SourceTitle "EXT 2018"]
[Source "ChessBase"]
[SourceDate "2017.10.13"]
[SourceVersion "1"]
[SourceVersionDate "2017.10.13"]
[SourceQuality "1"]

1. d4 Nf6 2. c4 c5 3. d5 b5 4. cxb5 a6 5. Nc3 axb5 6. Nxb5 Ba6 7. Nc3 d6 8. g3 g6 9. Bg2 Bg7 10. Nh3 Nbd7 11. 0-0 0-0 12. Re1 Rb8 13. e4 Ne5 14. Bf1 Bxf1 15. Kxf1 Qc8 16. Kg2 Qa6 17. f4 Nd3 18. Re2 Nxc1 19. Rxc1 Ng4 20. Nf2 Nxf2 21. Rxf2 Rb4 22. a3 Rb7 23. Qe2 Qxe2 24. Rxe2 Rfb8 25. Rcc2 Bxc3 26. bxc3 Rb3 27. a4 R8b7 28. e5 Kg7 29. exd6 exd6 30. Re8 Ra7 31. Rd8 Rb6 32. Ra2 h5 33. Kf3 Kf6 34. h3 Ke7 35. Rc8 Kd7 36. Rf8 Ke7 37. Rg8 Rb3 38. Re2+ Kf6 39. Re3 Rxa4 40. g4 hxg4+ 41. hxg4 Ra7 42. Rd8 Rb6 43. Rc8 Rab7 44. Rce8 Rd7 45. g5+ Kg7 46. Kg4 Rb1 47. Rh3 Rg1+ 48. Kf3 f6 49. Reh8 1-0

[Event "Novokuznetsk-ch (Women)"]
[Site "Novokuznetsk"]
[Date "2014.09.07"]
[Round "4"]
[White "Kuznetsova, Luba"]
[Black "Galkina, Viktoriya"]
[Result "1-0"]
[WhiteElo "2014"]
[BlackElo "1634"]
[PlyCount "109"]
[EventDate "2014.08.30"]
[EventType "swiss"]
[EventRounds "7"]
[EventCountry "RUS"]
[SourceTitle "EXT 2018"]
[Source "ChessBase"]
[SourceDate "2017.10.13"]
[SourceVersion "1"]
[SourceVersionDate "2017.10.13"]
[SourceQuality "1"]

1. d4 d5 2. e3 Nf6 3. c4 e6 4. Nc3 Nbd7 5. Qb3 c6 6. f4 Nb6 7. c5 Nbd7 8. Bd3 Be7 9. Nf3 Nf8 10. Ne5 Ng6 11. 0-0 0-0 12. Qc2 Qc7 13. Bd2 b6 14. cxb6 axb6 15. Nb5 Qb7 16. Nxc6 Bd7 17. Nxe7+ Nxe7 18. Bb4 Bxb5 19. Bxb5 Rfc8 20. Qd3 Nc6 21. Bxc6 Qxc6 22. a3 Qc2 23. Qxc2 Rxc2 24. b3 Re2 25. Rfe1 Rb2 26. Rab1 Rc2 27. Rbc1 Rac8 28. Rxc2 Rxc2 29. h3 Ne4 30. Be7 Rc3 31. b4 Rxa3 32. Rc1 Nc3 33. Kf2 Ne4+ 34. Kg1 Nc3 35. Kf1 b5 36. Bh4 f5 37. Be1 Ne4 38. Rc8+ Kf7 39. Rc7+ Kg6 40. Rc6 Kf7 41. Rb6 Rxe3 42. Rxb5 Nd6 43. Rc5 Re4 44. Rc7+ Kg6 45. g3 Nb5 46. Rb7 Nxd4 47. Bc3 Kh6 48. b5 g6 49. b6 Nb5 50. Bg7+ Kh5 51. Bf8 g5 52. Rxh7+ Kg6 53. Rg7+ Kh6 54. fxg5+ Kh5 55. b7 1-0